Unmanned aircraft systems : (Record no. 32649)
[ view plain ]
| 000 -LEADER | |
|---|---|
| fixed length control field | 01083cam a2200325 a 4500 |
| 001 - CONTROL NUMBER | |
| control field | 16193759 |
| 003 - CONTROL NUMBER IDENTIFIER | |
| control field | OSt |
| 005 - DATE AND TIME OF LATEST TRANSACTION | |
| control field | 20211109122249.0 |
| 008 - FIXED-LENGTH DATA ELEMENTS--GENERAL INFORMATION | |
| fixed length control field | 100419s2010 vaua b 001 0 eng |
| 010 ## - LIBRARY OF CONGRESS CONTROL NUMBER | |
| LC control number | 2010012948 |
| 020 ## - INTERNATIONAL STANDARD BOOK NUMBER | |
| International Standard Book Number | 9780470058190 |
| 035 ## - SYSTEM CONTROL NUMBER | |
| System control number | (OCoLC)ocn608490874 |
| 038 ## - RECORD CONTENT LICENSOR | |
| Staff Name | khadija |
| 040 ## - CATALOGING SOURCE | |
| Original cataloging agency | DLC |
| Transcribing agency | DLC |
| Modifying agency | RCMS |
| -- | C#P |
| -- | FER |
| -- | YDXCP |
| -- | CDX |
| -- | DEBBG |
| -- | DLC |
| 050 00 - LIBRARY OF CONGRESS CALL NUMBER | |
| Classification number | 632.74 AUS |
| 082 00 - DEWEY DECIMAL CLASSIFICATION NUMBER | |
| Classification number | 623.7469 AUS |
| 100 1# - MAIN ENTRY--PERSONAL NAME | |
| Personal name | Reg Austin |
| 9 (RLIN) | 1418 |
| 245 10 - TITLE STATEMENT | |
| Title | Unmanned aircraft systems : |
| Remainder of title | UAVs design, development and deployment / |
| Statement of responsibility, etc. | Reg Austin. |
| 260 ## - PUBLICATION, DISTRIBUTION, ETC. | |
| Place of publication, distribution, etc. | Reston, Va. : |
| Name of publisher, distributor, etc. | American Institute of Aeronautics and Astronautics ; |
| Place of publication, distribution, etc. | Chichester : |
| Name of publisher, distributor, etc. | Wiley, |
| Date of publication, distribution, etc. | c2010. |
| 300 ## - PHYSICAL DESCRIPTION | |
| Extent | xxix, 332 p. : |
| Other physical details | ill. ; |
| Dimensions | 26 cm. |
| 490 1# - SERIES STATEMENT | |
| Series statement | AIAA education series |
| 538 ## - SYSTEM DETAILS NOTE | |
| Display text | Shelf # 12, Row # 4, System Engineering. |
| 563 ## - BINDING INFORMATION | |
| Binding note | hardcover |
| 650 #0 - SUBJECT ADDED ENTRY--TOPICAL TERM | |
| Topical term or geographic name entry element | Drone aircraft. |
| 9 (RLIN) | 1419 |
| 650 #0 - SUBJECT ADDED ENTRY--TOPICAL TERM | |
| Topical term or geographic name entry element | Airplanes |
| General subdivision | Radio control. |
| 9 (RLIN) | 1420 |
| 650 #0 - SUBJECT ADDED ENTRY--TOPICAL TERM | |
| Topical term or geographic name entry element | Navigation (Aeronautics) |
| 9 (RLIN) | 1421 |
| 830 #0 - SERIES ADDED ENTRY--UNIFORM TITLE | |
| Uniform title | AIAA education series. |
| 9 (RLIN) | 1422 |
| 856 ## - ELECTRONIC LOCATION AND ACCESS | |
| Materials specified | Table of Contents Only. |
| 942 ## - ADDED ENTRY ELEMENTS (KOHA) | |
| Source of classification or shelving scheme | |
| Koha item type | Book |
| Call number prefix | 632.74 AUS |
| Withdrawn status | Lost status | Source of classification or shelving scheme | Damaged status | Not for loan | Permanent Location | Current Location | Shelving location | Date acquired | Total Checkouts | Total Renewals | Full call number | Barcode | Date last seen | Date last checked out | Price effective from | Koha item type |
|---|---|---|---|---|---|---|---|---|---|---|---|---|---|---|---|---|
| School of Mechanical & Manufacturing Engineering (SMME) | School of Mechanical & Manufacturing Engineering (SMME) | General Stacks | 04/12/2018 | 1 | 1 | 623.7469 AUS | SMME-1535 | 06/08/2023 | 02/28/2022 | 04/12/2018 | Book |
